02452nam a2200397 i 4500001000700000003000900007005001700016008004100033015001000074017005000084020001800134035002100152035002300173040002900196080001900225100003300244240003300277245014300310264007800453264001100531300002800542336002200570337003000592338002400622490005100646520084600697586003701543655003501580700004001615700005901655830005701714852011201771942001801883999001901901952013401920196181ES-MaACL20250809052937.0240817s2021 sp | |||| 000 f spa  aMON23 aM 30879-2021bOficina Depósito Legal Madrid a9788412034776 a(SpMaBN)a7245514 a991047655429708606 aSpMaBNbspacSpMaBNerda a821.111-31"19" aBalakian, Peter9238443eaut10aBlack Dog of FatelEspañol13aEl perro negro del destino / cPeter Balakian ; presentación, Joaquín González Ibáñez ; traducción, Rosa Mª Bautista Cordero. 1a[Madrid] :bFundación Berg Oceana Aufklarung - Berg Institute,c[2021]. 4c©2021 a385 páginas :c24 cm. aTexto2rdacontent asin mediación2rdamedia avolumen2rdacarrier1 aBiblioteca literatura y derechos humanos ;v14 aLa obra El perro negro del destino —Premio PEN/Martha Albrand 1998— es un vibrante relato autobiográfico que comienza en la segunda mitad de la década de 1950 en una zona residencial de Nueva Jersey. El autor descubre que tras su estilo de vida aparentemente idílico subyace el fantasma del trauma sufrido por su familia y sus antepasados: el exterminio de más de un millón de armenios en 1915 por parte del Gobierno turco en el que fue el primer genocidio del siglo XX. «Un relato autobiográfico fascinante y estremecedor… escrito desde el dolor y la rabia, con una inmensa sensibilidad, El perro negro del destino es a la vez un retrato de familia, la crónica histórica del exterminio del pueblo armenio en Turquía y el relato del pasaje de un joven adolescente a la edad adulta». The New York Times Book Review aPremio PEN, Martha Albrand, 1998 0aNovelas psicológicas9233883 aBautista, Rosa María9238444etrl aGonzález Ibáñez, Joaquín, 9238427d1970-eaui 0aBiblioteca literatura y derechos humanosv149238888 aES-MaACLbR.154551cDEPOJjN-9256hDonación: EditorialxEncuadernación cartoné (incluye faja)9205210 cMONOGRAFIAn0 c196181d196181 00102udc4070aATENEOMbATENEOMcDEPOJd2025-05-06eDONACIONl0oN-9256p101229982r2025-05-06 00:00:00w2025-05-06yMONOGRAFIA